Výmenník tepla rúrka v rúrke [CD-ROM]

Na minha lista:
Detalhes bibliográficos
Autor principal: Gallé, Marek, 1984- (Author)
Outros Autores: Jelemenský, Karol, 1945- (xxx)
Formato: Manuscrito Livro
Idioma:eslovaco
Publicado em: Bratislava : STU v Bratislave SjF, 2009
Assuntos:
Tags: Adicionar Tag
Sem tags, seja o primeiro a adicionar uma tag!

MARC

LEADER 00000ntm a22000003a 4500
001 stu217632
005 20150617230113.9
008 101129s2009----xo------------------slo-d
040 |a STU  |b slo 
041 0 |a slo 
044 |a xo 
100 1 |a Gallé, Marek,  |d 1984-  |4 aut  |u J  |T SjF Strojnícka fakulta  |X 14055  |U J  |Y 20  |7 A000014055 
242 0 0 |a Concentric tube heat exchanger  |y eng 
245 1 |a Výmenník tepla rúrka v rúrke [CD-ROM] 
260 |a Bratislava :  |b STU v Bratislave SjF,  |c 2009 
300 |a 69 s 
650 7 |a Konvekcia  |2 stusub 
650 7 |a výmenník tepla  |2 stusub 
650 7 |a convection  |2 estusub 
650 7 |a heat exchanger  |2 estusub 
700 1 |a Jelemenský, Karol,  |d 1945-  |4 xxx  |u J0040  |U SjF Strojnícka fakulta  |T SjF Ústav chemických a hydraulických strojov a zariadení  |X 2417  |U J0040  |Y 807  |7 A000002417 
996 |b 284J038082  |c J*649/DP  |l JJSK  |s A  |a 24  |w stu217632_0001